| 000 | 01045cam a22002054a 4500 | ||
|---|---|---|---|
| 005 | 20250605164210.0 | ||
| 008 | 250528s ||||||||||||||||||||||||d | ||
| 035 | _a20226 | ||
| 020 | _a304301167 | ||
| 040 |
_aGR-AtMCL _bgre _dGR-AtMCL _eAACR2 |
||
| 245 | 1 | _aComputers | |
| 260 |
_bCassell, _c1979 |
||
| 300 | _a120 | ||
| 520 | _aA series providing instruction in English as a foreign language for students with specialized interests, within a programme that includes basic courses, supplementary readers, practice, reference and remedial material and tape recordings. Preface, Introduction, What is a Computer?, The History of the Computer, People Who Use the Computer, Hardware: The Central Processor, Hardware: The Peripherals, The Computer Operator, Data, Order Codes, The Programmer, Computer Languages, Operating Systems, Applications, The Systems Analyst, Realtime, Appendix, Key to Exercises, Glossary. | ||
| 700 | 1 |
_aHumby Edward _96251 |
|
| 700 | 1 |
_aRobinson Philip _96252 |
|
| 942 | _cBK | ||
| 999 |
_c5360 _d5360 |
||